| 000 | 01133cam a2200325 a 4500 | ||
|---|---|---|---|
| 001 | 5036363 | ||
| 003 | ARRUPE | ||
| 005 | 20131125142556.0 | ||
| 008 | 040622s2005 enk b 001 0 eng | ||
| 010 | _a 2004051022 | ||
| 020 | _a1403933375 (pbk.) | ||
| 035 | _a(OCoLC)ocm55847048 | ||
| 035 | _a(NNC)5036363 | ||
| 040 |
_aDLC _cDLC _dC#P _dC@R _dNNC |
||
| 043 | _ae-sp--- | ||
| 050 | 0 | 0 |
_aDP162 _b.K35 2005 |
| 100 | 1 |
_aKamen, Henry. _93712 |
|
| 245 | 1 | 0 |
_aGolden Age Spain / _cHenry Kamen. |
| 250 | _a2nd ed. | ||
| 260 |
_aHoundmills, Basingstoke, Hampshire ; _aNew York, N.Y. : _bPalgrave Macmillan, _c2005. |
||
| 300 |
_avii, 112 p. ; _c22 cm. |
||
| 490 | 1 | _aStudies in European history | |
| 504 | _aIncludes bibliographical references (p. 92-108) and index. | ||
| 651 | 0 |
_aSpain _xHistory _yFerdinand and Isabella, 1479-1516 _xHistoriography. _93713 |
|
| 651 | 0 |
_aSpain _xHistory _yHouse of Austria, 1516-1700 _xHistoriography. _93714 |
|
| 651 | 0 |
_aSpain _xHistory _yPhilip V, 1700-1746 _xHistoriography. _93715 |
|
| 830 | 0 |
_aStudies in European history (New York, N.Y.) _93716 |
|
| 942 |
_2lcc _cMONOGRAPH |
||
| 999 |
_c118651 _d118651 |
||